000 00611nam a22001937a 4500
003 OSt
005 20150408114029.0
008 120508s jo ||||g |||| 00| 0 ara d
020 _a9789957479558
040 _cMU
082 0 4 _221
_a306.42
_bب ع ر
100 1 _aبكار، عبد الكريم بن محمد الحسن،
_e1951-.
_912460
245 1 0 _aرؤى ثقافية /
_cعبد الكريم بكار.
250 _aط. 1.
260 _aعمان، الأردن :
_bدار الإعلام،
_c2011.
300 _a250 ص. ؛
_c24 سم.
650 _aالثقافة العربية.
_912549
942 _2ddc
_cDVD
999 _c22674
_d257174